Κατάλογος Βιβλιοθηκών Mediterranean College

Διεθνές Εμπόριο και Πληρωμές. (Record no. 3819)

MARC details
000 -LEADER
fixed length control field 02121cam a22002414a 4500
005 - ΗΜΕΡΟΜΗΝΙΑ ΚΑΙ ΩΡΑ ΤΕΛΕΥΤΑΙΑΣ ΕΝΗΜΕΡΩΣΗΣ
Πεδίο ελέγχου 20250605164126.0
008 - FIXED-LENGTH DATA ELEMENTS--GENERAL INFORMATION
Πεδίο ελέγχου σταθερού μήκους 250528s ||||||||||||||||||||||||d
035 ## - SYSTEM CONTROL NUMBER
System control number 18458
020 ## - ISBN
ISBN 9600209162
040 ## - ΠΗΓΗ ΚΑΤΑΛΟΓΟΓΡΑΦΗΣΗΣ
Φορέας πρωτότυπης καταλογογράφησης MC Athens Campus Library
Γλώσσα καταλογογράφησης Ελληνικά, Μοντέρνα (1453-)
Modifying agency MC Athens Campus Library
Κανόνες περιγραφικής καταλογογράφησης AACR2
245 1# - ΤΙΤΛΟΣ ΚΑΙ ΔΗΛΩΣΗ ΥΠΕΥΘΥΝΟΤΗΤΑΣ
Τίτλος Διεθνές Εμπόριο και Πληρωμές.
Number of part/section of a work Α' Τόμος: 5η Έκδοση
250 ## - EDITION STATEMENT
Edition statement
260 ## - PUBLICATION, DISTRIBUTION, ETC.
Name of publisher, distributor, etc. Παπαζήση,
Date of publication, distribution, etc. 1992
300 ## - PHYSICAL DESCRIPTION
Extent 528
520 ## - SUMMARY, ETC.
Summary, etc. Εισαγωγή, Το Βασικό Υπόδειγμα Εμπορίου, Η Διεθνής Ανταλλαγή Εμπορευμάτων, Παραγωγή και Επέκταση των Ωφελειών του Διεθνούς Εμπορίου, Εφαρμογές του Βασικού Υποδείγματος, Το Πρότυπο Εμπορίου και η Διανομή Εισοδήματος, Τεχνολογία και Υπόδειγμα Εμπορίου του Richard, Αύξουσες Δαπάνες και Ειδικοί Παραγωγικοί Συντελεστές και Εμπόριο, Παραγωγικοί Συντελεστές και η Θεωρία των Heckschr-Ohlin, Εμπόριο Πολλών Αγαθών στο Πλαίσιο του Υποδείγματος Heckschr-Ohlin, Διεθνές Εμπόριο Ενδιάμεσων Αγαθών, Διεθνείς Κινήσεις Παραγωγικών Συντελεστών και Πολυεθνικές Εταιρείες, Θεωρία και Πράξη της Εμπορικής Πολιτικής, Δασμοί και Εθνική Ευημερία, Η Πολιτική Οικονομία του Προστατευτισμού, Έλεγχοι Εμπορίου στη Πράξη, Εμπορική Πολιτική και Ατελής Ανταγωνισμός, Προτιμησιακές Συμφωνίες Εμπορίου, Συμπληρώματα Επιλεγμένων Κεφαλαίων.
700 1# - ΠΡΟΣΘΕΤΗ ΑΝΑΓΡΑΦΗ--ΦΥΣΙΚΟ ΠΡΟΣΩΠΟ
Personal name Caves Richard E
9 (RLIN) 1679
700 1# - ΠΡΟΣΘΕΤΗ ΑΝΑΓΡΑΦΗ--ΦΥΣΙΚΟ ΠΡΟΣΩΠΟ
Personal name Frankel Jeffrey A
9 (RLIN) 4720
700 1# - ΠΡΟΣΘΕΤΗ ΑΝΑΓΡΑΦΗ--ΦΥΣΙΚΟ ΠΡΟΣΩΠΟ
Personal name Jones Ronald W
9 (RLIN) 4721
700 1# - ΠΡΟΣΘΕΤΗ ΑΝΑΓΡΑΦΗ--ΦΥΣΙΚΟ ΠΡΟΣΩΠΟ
Personal name Σαρρής Α.Ι
9 (RLIN) 4722
942 ## - ADDED ENTRY ELEMENTS (KOHA)
Koha item type Books
Holdings
Τύπος τεκμηρίου Βιβλιοθήκη Τρέχουσα τοποθεσία Barcode Αριθμός εισαγωγής Ημερομηνία απόκτησης Ταξιθετικό σύμβολο Αριθμός αντιτύπου Κατάσταση απόσυρσης Κατάσταση χαμένου Κατάσταση κατεστραμμένου Μη δανεισμός Σύνολο δανεισμών Ημερομηνία τελευταίας εμφάνισης Η τιμή ισχύει από
Books MC Athens Campus Library MC Athens Campus Library 9780000038180 3149 05/06/2025 382 CAV V.A 2           05/06/2025 05/06/2025

MC Athens Campus Library
Πατησίων 94 & Κοδριγκτώνος 13, 104 34
Πελλήνης 8 & Πατησίων 107, 112 51
Τ: +30 210 8899600

MC Thessaloniki Campus Library
Ίωνος Δραγούμη 21, 54625 | Ίωνος Δραγούμη 15, 54625
Τ: +30 2310 287779 – Τ: +30 2314 440300